LIBRARY ONLINE CATALOGUE

Planning for tourism, leisure and sustainability (Record no. 17572)

MARC details
000 -LEADER
fixed length control field 00469nam a22001577a 4500
008 - FIXED-LENGTH DATA ELEMENTS--GENERAL INFORMATION
fixed length control field 190325b xxu||||| |||| 00| 0 eng d
020 ## - INTERNATIONAL STANDARD BOOK NUMBER
International Standard Book Number 1780646817
040 ## - CATALOGING SOURCE
Original cataloging agency KABU
Transcribing agency KABU
050 ## - LIBRARY OF CONGRESS CALL NUMBER
Classification number G156.5
Item number .T73 2011 c. 1
100 ## - MAIN ENTRY--PERSONAL NAME
Personal name Travis, Anthony S.
245 ## - TITLE STATEMENT
Title Planning for tourism, leisure and sustainability
Statement of responsibility, etc. Anthony S. travis
260 ## - PUBLICATION, DISTRIBUTION, ETC. (IMPRINT)
Place of publication, distribution, etc. UK
Name of publisher, distributor, etc. CABI
Date of publication, distribution, etc. 2011
300 ## - PHYSICAL DESCRIPTION
Extent xxv, 330 p.
650 ## - SUBJECT ADDED ENTRY--TOPICAL TERM
Topical term or geographic name as entry element Sustainable tourism
General subdivision Case studies
942 ## - ADDED ENTRY ELEMENTS (KOHA)
Source of classification or shelving scheme Library of Congress Classification
Koha item type General Collection
Classification part G156.5
Holdings
Withdrawn status Lost status Source of classification or shelving scheme Not for loan Home library Current library Date acquired Cost, normal purchase price Total Checkouts Full call number Barcode Date last seen Copy number Price effective from Koha item type Date last checked out
    Library of Congress Classification   Kabarak, Main Campus Kabarak, Main Campus 25/03/2019 6681.03   G156.5 .T73 2011 c. 1 022953 25/03/2019 c. 1 25/03/2019 General Collection  
    Library of Congress Classification   Kabarak, Main Campus Kabarak, Main Campus 25/03/2019 6681.03 1 G156.5 .T73 2011 c. 2 022955 25/02/2022 c. 2 25/03/2019 General Collection 09/02/2022